000 00343 a2200157 4500
001 56635
020 _a8526008536
040 _cAnchieta - Pituba
100 _aCarvalho, Mara
240 1 0 _aO portal das montanhas
_lpor
245 1 0 _aO portal das montanhas
300 _a139
362 0 _a2003
650 4 _aLiteratura juvenil
942 _cBK
999 _c56635
_d56635